000 00480nam a22001812 4500
001 0000005656
005 20151217160110.0
008 070620s xx 000 0 eng d
040 _aKABU
_cKABU
050 0 _aPZ90
_b.K495N4B38
100 1 _aNgugi wa Thiong'o.
_@0000169524
245 1 0 _aBathitoora ya Njamba Nene.
260 _aNairobi :
_bHEB,
_c1984.
300 _a33 p.
908 _a070620
950 _@1
999 _c14224
_d14224